2面2線の駅(阪急) - Statistics

General Stats
  • This quiz has been taken 154 times
  • The average score is 39 of 50
Answer Stats
答え % Correct
上新庄
90%
大山崎
90%
西院
90%
大宮
90%
神崎川
89%
岡本
87%
西向日
87%
西京極
87%
南方
86%
東向日
86%
武庫之荘
85%
南茨木
85%
西山天王山
83%
山田
83%
北千里
83%
王子公園
82%
水無瀬
82%
御影
81%
摂津市
81%
総持寺
81%
南千里
81%
芦屋川
80%
花隈
80%
洛西口
80%
柴島
80%
下新庄
80%
吹田
80%
崇禅寺
79%
関大前
79%
宝塚南口
77%
阪神国道
76%
門戸厄神
76%
甲東園
76%
小林
76%
清荒神
76%
松尾大社
76%
逆瀬川
74%
売布神社
74%
上桂
74%
蛍池
73%
豊津
73%
中山観音
72%
千里山
71%
山本
70%
服部天神
69%
苦楽園口
68%
新伊丹
67%
牧落
67%
桜井
66%
稲野
61%
No matching quizzes found
Score Distribution
Percent of People with Each Score
Percentile by Number Answered
Your Score History
You have not taken this quiz